| Tag |
First Indicator |
Second Indicator |
Subfields |
| LEADER |
00000cam a2200000 a 4500 |
| 001 |
in00000084127 |
| 005 |
20151008055658.0 |
| 008 |
801124s1980 gw 000 0 ger d |
| 015 |
|
|
|a 80,A43,0551
|2 dnb
|
| 016 |
7 |
|
|a 800535715
|2 DE-101
|
| 019 |
|
|
|a 6922815
|
| 020 |
|
|
|a 3472865148
|
| 029 |
1 |
|
|a AU@
|b 000001854869
|
| 035 |
|
|
|a (OCoLC)6969927
|
| 040 |
|
|
|a OSU
|b eng
|c OSU
|d OCL
|d SYB
|d CLU
|d OCL
|d NZWPM
|d OCLCQ
|d OCLCG
|d CUY
|d HEBIS
|d AUD
|d DEBBG
|d OCLCQ
|d DEBSZ
|d GBVCP
|d OCLCO
|d OCLCA
|d OCLCF
|d OCLCQ
|d OCLCA
|d LGG
|d OCL
|d IL4J6
|d OCLCO
|
| 043 |
|
|
|a nwht---
|
| 049 |
|
|
|a JLFA
|
| 050 |
|
4 |
|a HQ1511
|b .S45
|
| 055 |
0 |
4 |
|a PT2635A27
|b D7
|
| 082 |
0 |
4 |
|a 833.914
|2 19
|
| 084 |
|
|
|a GM 5684
|2 rvk
|
| 090 |
|
|
|a HQ1511
|b .S44 1980a
|
| 100 |
1 |
|
|a Seghers, Anna,
|d 1900-1983.
|
| 245 |
1 |
0 |
|a Drei Frauen aus Haiti /
|c Anna Seghers.
|
| 260 |
|
|
|a Darmstadt ;
|a Neuwied :
|b Luchterhand,
|c ©1980.
|
| 264 |
|
1 |
|a Darmstadt :
|b Luchterhand,
|c [1980]
|
| 264 |
|
4 |
|c ©1980
|
| 300 |
|
|
|a 67 pages ;
|c 20 cm
|
| 336 |
|
|
|a text
|b txt
|2 rdacontent
|
| 337 |
|
|
|a unmediated
|b n
|2 rdamedia
|
| 338 |
|
|
|a volume
|b nc
|2 rdacarrier
|
| 505 |
0 |
|
|a Das Versteck -- Der Schlüssel -- Die Trennung.
|
| 650 |
|
0 |
|a Women
|z Haiti
|v Biography.
|
| 651 |
|
7 |
|a Haiti.
|2 fast
|0 (OCoLC)fst01205135
|
| 655 |
|
7 |
|a Biographies.
|2 fast
|0 (OCoLC)fst01919896
|
| 776 |
0 |
8 |
|i Online version:
|a Seghers, Anna, 1900-1983.
|t Drei Frauen aus Haiti.
|d Darmstadt ; Neuwied : Luchterhand, ©1980
|w (OCoLC)558614628
|
| 999 |
|
|
|a MARS
|
| 999 |
f |
f |
|s 865ad3dc-6f02-3bc4-83ce-a079d0651a34
|i d6f91dde-c4dc-3c60-9d61-57919fbcb97b
|t 0
|
| 952 |
f |
f |
|p ric
|a Texas A&M University
|b Rellis Campus
|c Joint Library Facility
|s JLF
|d Remote Storage
|t 0
|e HQ1511 .S44 1980a
|h Library of Congress classification
|i unmediated -- volume
|m A14806143659
|